Why Africa? : (Record no. 129677)

MARC details
000 -LEADER
fixed length control field 00732nam a22002297a 4500
005 - DATE AND TIME OF LATEST TRANSACTION
control field 20170124110101.0
010 ## - LIBRARY OF CONGRESS CONTROL NUMBER
LC control number A-306141
020 ## - INTERNATIONAL STANDARD BOOK NUMBER
Terms of availability 00.00
International Standard Book Number 533049806
035 ## - SYSTEM CONTROL NUMBER
System control number A-306141
037 ## - SOURCE OF ACQUISITION
Source of stock number/acquisition Cen Lib/Ret
040 ## - CATALOGING SOURCE
Original cataloging agency DPL
Language of cataloging EN
082 ## - DEWEY DECIMAL CLASSIFICATION NUMBER
Classification number 960
Item number RAJ
100 ## - MAIN ENTRY--PERSONAL NAME
Personal name Raju, R.K.
9 (RLIN) 24543
245 ## - TITLE STATEMENT
Title Why Africa? :
Statement of responsibility, etc by R.K.Raju
Remainder of title first Indian journalist's impressions of the so-called dark continent /
260 ## - PUBLICATION, DISTRIBUTION, ETC. (IMPRINT)
Name of publisher, distributor, etc Vantage Press
Place of publication, distribution, etc New York
Date of publication, distribution, etc 1982
270 ## - ADDRESS
Address 516 West 34th Street
Postal code 10001
300 ## - PHYSICAL DESCRIPTION
Extent 125p. :
Dimensions 20cm(Hb)
Other physical details ill.
500 ## - GENERAL NOTE
General note Includes bibliographical references
650 ## - SUBJECT ADDED ENTRY--TOPICAL TERM
Topical term or geographic name as entry element Kenya -- Social life and customs
9 (RLIN) 27108
650 ## - SUBJECT ADDED ENTRY--TOPICAL TERM
Topical term or geographic name as entry element Manners and customs
9 (RLIN) 27109
942 ## - ADDED ENTRY ELEMENTS (KOHA)
Source of classification or shelving scheme Dewey Decimal Classification
Koha item type English Books
Classification part 960
Call number suffix RAJ
Holdings
Withdrawn status Lost status Damaged status Not for loan Home library Current library Date acquired Source of acquisition Cost, normal purchase price Total Checkouts Full call number Barcode Date last seen Copy number Cost, replacement price Price effective from Koha item type
        Central Library Central Library 07/07/2015 Cen Lib/Ret 0.00   960 RAJ A-306141 07/07/2015 1 0.00 07/07/2015 English Books

© Delhi Public Library
Hit Counter
free hit counter